Power system transient analysis : (Record no. 598130)

000 -LEADER
fixed length control field 00285nam a2200109Ia 4500
008 - FIXED-LENGTH DATA ELEMENTS--GENERAL INFORMATION
fixed length control field 230907s9999||||xx |||||||||||||| ||und||
082 ## - DEWEY DECIMAL CLASSIFICATION NUMBER
Classification number 621.31921,HAG
100 ## - MAIN ENTRY--PERSONAL NAME
Personal name Haginomori, Eiichi,
9 (RLIN) 115329
245 #0 - TITLE STATEMENT
Title Power system transient analysis :
300 ## - PHYSICAL DESCRIPTION
Extent ix, 268 pages ;
942 ## - ADDED ENTRY ELEMENTS (KOHA)
Koha item type Book
Holdings
Withdrawn status Lost status Damaged status Not for loan Permanent Location Current Location Date acquired Total Checkouts Total Renewals Full call number Barcode Checked out Date last seen Date last checked out Price effective from Koha item type
        US-Pakistan Center for Advanced Studies in Energy (USPCAS-E) Central Library (CL) 05/11/2018 1 2 621.31921,HAG CAS-E0002229 11/01/2025 10/05/2023 10/05/2023 09/12/2023 Book
© 2023 Central Library, National University of Sciences and Technology. All Rights Reserved.